Statistics for Two Minnesota Timberwolves Players By Season

Click here to take the quiz!

General Stats

  • This quiz has been taken 35 times
    (9 since last reset)
  • The average score is 13 of 35

Answer Stats

SeasonPlayersFull List% Correct
2023-24Anthony Edwards | Rudy Gobert | Karl-Anthony Towns | Jaden McDaniels | Mike Conley | Naz Reid | Nickeil Alexander-Walker | Kyle Anderson | Monte Morris | Shake Milton | T.J. Warren | Jordan McLaughlin | Troy Brown Jr. | Luka Garza | Daishen Nix | Leonard Miller | Wendell Moore Jr. | Josh Minott | Justin Jackson
100%
2021-22Karl-Anthony Towns | Anthony Edwards | D'Angelo Russell | Patrick Beverley | Jarred Vanderbilt | Jaden McDaniels | Malik Beasley | Greg Monroe | Naz Reid | Taurean Prince | Jaylen Nowell | Jordan McLaughlin | Josh Okogie | Leandro Bolmaro | Jake Layman | Nathan Knight | Chris Silva | McKinley Wright IV
100%
2020-21Karl-Anthony Towns | D'Angelo Russell | Malik Beasley | Ricky Rubio | Anthony Edwards | Josh Okogie | Jarrett Culver | Juan Hernangómez | Naz Reid | Jarred Vanderbilt | Jordan McLaughlin | Jaden McDaniels | Jaylen Nowell | Jake Layman | Ed Davis | Ashton Hagans
100%
2022-23Karl-Anthony Towns | Anthony Edwards | D'Angelo Russell | Rudy Gobert | Jaden McDaniels | Kyle Anderson | Jaylen Nowell | Austin Rivers | Taurean Prince | Naz Reid | Jordan McLaughlin | Bryn Forbes | Matt Ryan | Luka Garza | Wendell Moore Jr. | Nathan Knight | Josh Minott | A.J. Lawson | Mike Conley | Nickeil Alexander-Walker
100%
2019-20Karl-Anthony Towns | Andrew Wiggins | D'Angelo Russell | Malik Beasley | Robert Covington | Jeff Teague | Josh Okogie | Jarrett Culver | James Johnson | Juan Hernangómez | Shabazz Napier | Jake Layman | Treveon Graham | Jordan McLaughlin | Keita Bates-Diop | Gorgui Dieng | Naz Reid | Kelan Martin | Allen Crabbe | Noah Vonleh | Jaylen Nowell | Jordan Bell | Jarred Vanderbilt | Jacob Evans
75%
2018-19Karl-Anthony Towns | Jimmy Butler | Andrew Wiggins | Robert Covington | Jeff Teague | Derrick Rose | Taj Gibson | Dario Šarić | Josh Okogie | Tyus Jones | Jerryd Bayless | Luol Deng | Keita Bates-Diop | Anthony Tolliver | Cameron Reynolds | Gorgui Dieng | Isaiah Canaan | Mitch Creek | C.J. Williams | Jared Terrell | James Nunnally
75%
2017-18Karl-Anthony Towns | Jimmy Butler | Andrew Wiggins | Jeff Teague | Derrick Rose | Taj Gibson | Jamal Crawford | Nemanja Bjelica | Tyus Jones | Gorgui Dieng | Shabazz Muhammad | Aaron Brooks | Marcus Georges-Hunt | Anthony Brown | Justin Patton | Cole Aldrich
75%
2016-17Karl-Anthony Towns | Andrew Wiggins | Zach LaVine | Ricky Rubio | Gorgui Dieng | Kris Dunn | Brandon Rush | Shabazz Muhammad | Nemanja Bjelica | Omri Casspi | Tyus Jones | Lance Stephenson | Cole Aldrich | Adreian Payne | Jordan Hill | John Lucas
63%
2015-16Kevin Garnett | Karl-Anthony Towns | Andrew Wiggins | Zach LaVine | Ricky Rubio | Gorgui Dieng | Kevin Martin | Shabazz Muhammad | Tayshaun Prince | Nemanja Bjelica | Tyus Jones | Nikola Peković | Andre Miller | Greg Smith | Adreian Payne | Damjan Rudež
63%
2014-15Kevin Garnett | Andrew Wiggins | Ricky Rubio | Corey Brewer | Kevin Martin | Thaddeus Young | Gorgui Dieng | Mo Williams | Nikola Peković | Justin Hamilton | Adreian Payne | Zach LaVine | Gary Neal | Shabazz Muhammad | Chase Budinger | Lorenzo Brown | Sean Kilpatrick | Robbie Hummel | Anthony Bennett | Jeff Adrien | Arinze Onuaku | Ronny Turiaf | Troy Daniels | Miroslav Raduljica | Glenn Robinson
38%
1995-96Kevin Garnett | Tom Gugliotta | Sam Mitchell | Christian Laettner | Isaiah Rider | Andrew Lang | Terry Porter | Spud Webb | Doug West | Darrick Martin | Micheal Williams | Sean Rooks | Eric Riley | Mark Davis | Jerome Allen | Marques Bragg | Charles Smith
25%
1998-99Kevin Garnett | Stephon Marbury | Terrell Brandon | Sam Mitchell | Joe Smith | Anthony Peeler | Dennis Scott | Malik Sealy | Dean Garrett | Bobby Jackson | Rasho Nesterović | Tom Hammonds | James Robinson | Reggie Jordan | Bill Curley | Andrae Patterson | Chris Carr | Trevor Winter | Brian Evans | Paul Grant
25%
1997-98Kevin Garnett | Stephon Marbury | Tom Gugliotta | Sam Mitchell | Anthony Peeler | Doug West | Chris Carr | Terry Porter | Cherokee Parks | Tom Hammonds | Stanley Roberts | Bill Curley | Reggie Jordan | Micheal Williams | Clifford Rozier | DeJuan Wheat
25%
1996-97Kevin Garnett | Stephon Marbury | Tom Gugliotta | Sam Mitchell | Doug West | Dean Garrett | Terry Porter | James Robinson | Chris Carr | Stojko Vranković | Cherokee Parks | Shane Heal | Reggie Jordan
25%
1990-91Pooh Richardson | Sam Mitchell | Tony Campbell | Tyrone Corbin | Felton Spencer | Randy Breuer | Tod Murphy | Scott Brooks | Gerald Glass | Doug West | Bob Thornton | Richard Coffey | Jim Thomas | Dan Godfread
25%
1994-95Tom Gugliotta | Christian Laettner | Isaiah Rider | Doug West | Sean Rooks | Micheal Williams | Winston Garland | Donyell Marshall | Darrick Martin | Chris Smith | Stacey King | Howard Eisley | Pat Durham | Greg Foster | Askia Jones | Charles Shackleford | Andrés Guibert | Mike Brown
25%
1993-94Christian Laettner | Micheal Williams | Isaiah Rider | Doug West | Stacey King | Chuck Person | Mike Brown | Luc Longley | Chris Smith | Thurl Bailey | Tellis Frank | Corey Williams | Marlon Maxey | Andrés Guibert | Brian Davis | Stanley Jackson
25%
1992-93Christian Laettner | Doug West | Chuck Person | Micheal Williams | Bob McCann | Luc Longley | Felton Spencer | Thurl Bailey | Gerald Glass | Chris Smith | Marlon Maxey | Lance Blanks | Brad Sellers | Gundars Vētra | Mark Randall
25%
1991-92Doug West | Tony Campbell | Pooh Richardson | Tyrone Corbin | Sam Mitchell | Thurl Bailey | Gerald Glass | Felton Spencer | Randy Breuer | Luc Longley | Tellis Frank | Scott Brooks | Mark Randall | Tod Murphy | Tom Garrick | Myron Brown
25%
2000-01Kevin Garnett | Wally Szczerbiak | Terrell Brandon | Chauncey Billups | Sam Mitchell | Anthony Peeler | LaPhonso Ellis | Felipe López | Rasho Nesterović | Reggie Slater | Dean Garrett | Todd Day | William Avery | Tom Hammonds | Sam Jacobson
25%
1999-00Kevin Garnett | Wally Szczerbiak | Terrell Brandon | Malik Sealy | Anthony Peeler | Joe Smith | Rasho Nesterović | Sam Mitchell | Bobby Jackson | Dean Garrett | William Avery | Tom Hammonds | Andrae Patterson
25%
1989-90Pooh Richardson | Sam Mitchell | Tony Campbell | Tyrone Corbin | Tod Murphy | Randy Breuer | Sidney Lowe | Brad Lohaus | Scott Roth | Donald Royal | Adrian Branch | Brad Sellers | Doug West | Gary Leonard | Steve Johnson
25%
2001-02Kevin Garnett | Wally Szczerbiak | Terrell Brandon | Chauncey Billups | Rasho Nesterović | Sam Mitchell | Joe Smith | Anthony Peeler | Gary Trent | Robert Pack | Marc Jackson | William Avery | Felipe López | Loren Woods | Dean Garrett | Maurice Evans
25%
2003-04Kevin Garnett | Latrell Sprewell | Wally Szczerbiak | Sam Cassell | Trenton Hassell | Fred Hoiberg | Michael Olowokandi | Troy Hudson | Mark Madsen | Gary Trent | Ervin Johnson | Anthony Goldwire | Keith McLeod | Darrick Martin | Oliver Miller | Quincy Lewis | Ndudi Ebi
25%
2004-05Kevin Garnett | Latrell Sprewell | Wally Szczerbiak | Sam Cassell | Trenton Hassell | Ndudi Ebi | Troy Hudson | Eddie Griffin | Michael Olowokandi | Fred Hoiberg | Mark Madsen | John Thomas | Anthony Carter | Ervin Johnson
25%
2010-11Kevin Love | Michael Beasley | Luke Ridnour | Wesley Johnson | Darko Miličić | Corey Brewer | Martell Webster | Anthony Tolliver | Anthony Randolph | Sebastian Telfair | Wayne Ellington | Jonny Flynn | Nikola Peković | Lazar Hayward | Kosta Koufos | Sundiata Gaines | Maurice Ager
25%
2011-12Kevin Love | Ricky Rubio | Michael Beasley | Luke Ridnour | Nikola Peković | J.J. Barea | Martell Webster | Wesley Johnson | Derrick Williams | Wayne Ellington | Anthony Tolliver | Darko Miličić | Anthony Randolph | Malcolm Lee | Brad Miller
25%
2012-13Kevin Love | Ricky Rubio | Andrei Kirilenko | Nikola Peković | Luke Ridnour | Dante Cunningham | Derrick Williams | Brandon Roy | Alexey Shved | J.J. Barea | Chase Budinger | Josh Howard | Malcolm Lee | Mickaël Gelabale | Greg Stiemsma | Chris Johnson | Lou Amundson | Lazar Hayward | Will Conroy
25%
2013-14Kevin Love | Ricky Rubio | Corey Brewer | Kevin Martin | Nikola Peković | Dante Cunningham | Ronny Turiaf | J.J. Barea | Chase Budinger | Luc Mbah a Moute | Derrick Williams | Gorgui Dieng | Robbie Hummel | Alexey Shved | Shabazz Muhammad | Othyus Jeffers | A.J. Price
25%
2002-03Kevin Garnett | Wally Szczerbiak | Rod Strickland | Troy Hudson | Rasho Nesterović | Anthony Peeler | Kendall Gill | Joe Smith | Gary Trent | Marc Jackson | Mike Wilks | Loren Woods | Igor Rakočević | Reggie Slater
13%
2005-06Kevin Garnett | Wally Szczerbiak | Ricky Davis | Trenton Hassell | Marcus Banks | Marko Jarić | Mark Blount | Michael Olowokandi | Troy Hudson | Eddie Griffin | Bracey Wright | Justin Reed | Rashad McCants | Anthony Carter | Mark Madsen | Richie Frahm | Ronald Dupree | Nikoloz Tskitishvili
13%
2008-09Kevin Love | Al Jefferson | Corey Brewer | Randy Foye | Mike Miller | Ryan Gomes | Sebastian Telfair | Craig Smith | Rashad McCants | Rodney Carney | Kevin Ollie | Brian Cardinal | Shelden Williams | Jason Collins | Bobby Brown | Mark Madsen | Calvin Booth
13%
2009-10Kevin Love | Al Jefferson | Corey Brewer | Ryan Gomes | Jonny Flynn | Darko Miličić | Ramon Sessions | Damien Wilkins | Wayne Ellington | Ryan Hollins | Sasha Pavlović | Nathan Jawai | Oleksiy Pecherov | Brian Cardinal | Alando Tucker | Jason Hart
13%
2006-07Kevin Garnett | Ricky Davis | Mark Blount | Trenton Hassell | Mike James | Randy Foye | Marko Jarić | Craig Smith | Troy Hudson | Rashad McCants | Bracey Wright | Mark Madsen | Justin Reed | Eddie Griffin
13%
2007-08Al Jefferson | Corey Brewer | Randy Foye | Sebastian Telfair | Ryan Gomes | Marko Jarić | Rashad McCants | Kirk Snyder | Theo Ratliff | Craig Smith | Antoine Walker | Greg Buckner | Gerald Green | Michael Doleac | Chris Richard | Mark Madsen
0%

Score Distribution

Percentile by Number Answered

Percent of People with Each Score

Your Score History

You have not taken this quiz since the last reset